LEADER 01026nam a2200253 i 4500 001 000000070479 003 CaOOAMICUS 005 20080821000000.0 008 080821s1972 it u000 u ita u 013 $a41651 040 $aSeMil$bita 100 1 $aCorradi, Enrico <1930-2003>.$0(OLS)http://semarc/name/33625 245 10$aDeterminismo, causalità e fisica quantistica /$cEnrico Corradi. 260 $aMilano :$bCELUC,$c1972. 300 $a117 p. ;$c21 cm. 490 0 $aRicerche ;$v30 650 4$aDeterminismo.$0(OLS)http://semarc/subject/10523 650 4$aTeoria dei quanti.$0(OLS)http://semarc/subject/10707 650 4$aCausalità - Filosofia.$0(OLS)http://semarc/subject/7624 830 0$aRicerche ;$v30.$0(OLS)http://semarc/title/7133 850 $aSeMil 852 $aSeMil$W1$xVenegono$y1$m2P II 389$j36632$B36632$CSeMilBibl$Z2$F36635 $81 996 $6245$aDeterminismo, causalità e fisica quantistica$9(OLS)http://semarc/title/113177 996 $6260$aMilano :$bCELUC$9(OLS)http://semarc/publisher/31400 LEADER 01084nam a2200265 i 4500 001 000000088807 003 CaOOAMICUS 005 20210209092839.0 008 180830s1945 xx u000 u und u 013 $a61048 040 $aSeMil$bita 100 1 $aSavonarola, Girolamo,$c.$0(OLS)http://semarc/name/89716 245 10$aCommento al Pater Noster /$cfra Gerolamo Savonarola ; traduzione p. Vittorino dell'Addolorata. 260 $aMilano :$bIPL,$c1945. 300 $a184 p. ;$c13 cm 490 1 $aAscetica ;$v2 650 4$aPadre Nostro - Commentari e studi.$0(OLS)http://semarc/subject/2093 700 1 $aVittorino : dell'Addolorata.$0(OLS)http://semarc/name/113014 830 0$aAscetica ;$v2.$0(OLS)http://semarc/title/26473 850 $aSeMil 852 $aSeMil$W1$xVenegono$y1$m3K I 394$j224105$B52016$CSeMilBibl$Z2$F56407 $81 961 $aCastiglioni don Enrico - Lascito 996 $6245$aCommento al Pater Noster$9(OLS)http://semarc/title/161696 996 $6260$aMilano :$bIPL$9(OLS)http://semarc/publisher/30350